| 000 | 00384nam a2200157 i 4500 | ||
|---|---|---|---|
| 001 | bg | ||
| 245 | 0 | _aNonlinear Finite Element Analysis in Structural Mechanics. | |
| 260 |
_aBerlin : _bSpringer-Verlag, _c1981. |
||
| 020 | _a3540105824 | ||
| 040 | _cBPK | ||
| 041 | _apol | ||
| 080 | _a624 | ||
| 920 | _a3-540-10582-4 | ||
| 942 | _cKS | ||
| 008 | s pl f |000 0 pol | ||
| 999 |
_c21886 _d21886 |
||
| 856 |
_uhttp://koha.tu.koszalin.pl/cgi-bin/koha/opac-detail.pl?biblionumber=21886 _yKatalog online BPK |
||